Statistics for Daily Country Riddle #90

Click here to take the quiz!

General Stats

  • This quiz has been taken 95 times
  • The average score is 8 of 9

Answer Stats

TypeAnswer% Correct
Found LetterA
100%
Found LetterI
97%
Correctly Placed LetterI
93%
Found LetterL
91%
Found LetterM
91%
Correctly Placed LetterA
90%
Correctly Placed LetterL
90%
Correctly Placed LetterM
90%
Mystery CountryMali
90%

Score Distribution

Percentile by Number Answered

Percent of People with Each Score

Your Score History

You have not taken this quiz